Por qué debemos lavarnos las manos? /

Guardado en:
Autor Corporativo: Videoteca CEA.
Formato: Deslizar
Series:Cómo, por qué, para qué?
Materias:
Etiquetas: Agregar Etiqueta
Sin Etiquetas, Sea el primero en etiquetar este registro!
LEADER 00938ngm a22002655g 4500
001 CEM.cems021892
008 130507b1993##################0###0#####d
005 20240919141744.0
245 1 0 |a Por qué debemos lavarnos las manos? /  |c Videoteca CEA. 
300 |a 07 
490 0 |a Cómo, por qué, para qué? 
500 |a En soporte VHS, consultar en ventanilla. 
505 0 |a La higiene. Las bacterias del medio ambiente. El uso del jabón en la higiene diaria como medida preventiva. Otros desinfectantes. 
538 |a Soporte: VHS - Norma: Pal N - Color - Grabación DRD 1993 - Hitachi=2740 
110 2 |a Videoteca CEA. 
082 6 1 |. 9/ENF 
653 |a EDUCACION PARA LA SALUD 
653 |a HIGIENE 
653 |a PREVENCION 
653 |a SALUD 
653 |a BACTERIAS 
653 |a DESINFECTANTES 
653 |a NIVEL PRIMARIO 
653 |a NIVEL INICIAL 
859 |a CEMS  |b BIB. CEMS - Depto. Recursos Didacticos  |h 616.9  |i ENF  |k DRD  |p 535.12  |t Ej.1